DBS handbook of life science (Record no. 396772)

MARC details
000 -LEADER
fixed length control field 00453 a2200181 4500
005 - DATE & TIME
control field 20260401112728.0
008 - FIXED-LENGTH DATA ELEMENTS--GENERAL INFORMATION
fixed length control field 260319b |||||||| |||| 00| 0 eng d
020 ## - ISBN
International Standard Book Number 9789382423881
Price Rs. 7995.00
040 ## - CATALOGING SOURCE
Original cataloging agency VIVEKANANDA LIBRARY
082 ## - DDC NUMBER
Classification number 570
Book Number S23D
100 ## - MAIN ENTRY--PERSONAL NAME
Personal name Sharma, Basudha
245 ## - TITLE STATEMENT
Title DBS handbook of life science
260 ## - PUBLICATION, DISTRIBUTION, ETC. (IMPRINT)
Name of publisher, distributor, etc DBS Imprints
Date of publication, distribution, etc 2024
Place of publication, distribution, etc New Delhi
300 ## - PHYSICAL DESCRIPTION
Pages xxvii, 739
650 ## - Subject
Subject Life Science
650 ## - Subject
Subject Biology
942 ## - ADDED ENTRY ELEMENTS (KOHA)
Koha item type Books
Holdings
Withdrawn status Lost status Source of classification or shelving scheme Damaged status Not for loan Location (home branch) Sublocation or collection (holding branch) Shelving location Date acquired Koha issues (times borrowed) Koha full call number Accession No. Koha date last seen Koha item type
    Dewey Decimal Classification     VIVEKANANDA LIBRARY VIVEKANANDA LIBRARY Vivekananda Library 19/02/2026   570 S23D 438535 19/02/2026 Books
© Designed and Maintained by Vivekananda Library, MDU Rohtak